| 000 | 00734nas a2200217 i 4500 | ||
|---|---|---|---|
| 001 | 1715 | ||
| 003 | ES-MaACL | ||
| 005 | 20250729062613.0 | ||
| 007 | t| | ||
| 008 | 950801d18971914fr | | 1 ||re d | ||
| 022 | _a1770-7269 | ||
| 245 | 0 | 0 |
_aQuestions diplomatiques et coloniales _b: revue de politique extérieure paraissant le 1er et le 15 de chaque mois / _cdir. Comandant de Thomasson. |
| 260 |
_aParis : _b[Bureau des questions diplomatiques et coloniales], _c1897-1914. |
||
| 300 |
_a5 v. ; _c24 cm. |
||
| 310 | _aQuincenal | ||
| 362 | 0 | _aTome 1, n° 1 (1er mars 1897)-tome 38, n° 419 (août 1914) | |
| 650 | 7 |
_aPolítica _2embne _9140345 |
|
| 852 |
_aES-MaACL _jHem-670 |
||
| 866 | 0 | _o1912-14 | |
| 999 |
_c1715 _d1715 |
||